Smerovanie stratégie vedy, výskumu a inovácií Ruskej federácie na začiatku 21. storočia

Dlhodobá stratégia sociálno – ekonomického a investično – technologického rozvoja Ruskej federácie na začiatku 21. storočia - dve varianty realizácie. Program inovačného rozvoja RF do roku 2050.

Salvato in:
Dettagli Bibliografici
Autore principale: Rosenberg, Miloslav
Natura: Capitolo di libro
Lingua:slovacco
Soggetti:
Tags: Aggiungi Tag
Nessun Tag, puoi essere il primo ad aggiungerne!!

MARC

LEADER 00000nla$a2200000$$$4500
001 0060265
005 20240502071651.0
041 0 |a slo 
044 |a SK 
245 1 0 |a Smerovanie stratégie vedy, výskumu a inovácií Ruskej federácie na začiatku 21. storočia  |c Miloslav Rosenberg 
520 |a Dlhodobá stratégia sociálno – ekonomického a investično – technologického rozvoja Ruskej federácie na začiatku 21. storočia - dve varianty realizácie. Program inovačného rozvoja RF do roku 2050. 
610 2 0 |a veda 
610 2 0 |a výskum 
610 2 0 |a inovácia 
610 2 0 |a Rusko 
610 2 0 |a stratégia inovačná 
100 1 |a Rosenberg, Miloslav